The Anti-amyloidogenic effect of natural product extracts on amyloid-like fibril formation of trypsin in aqueous organic solvents

The formation of amyloid fibrils has been associated with several human diseases. The appearance of amyloid aggregation is an indicator of different central nervous system neurological disorders and neurodevelopmental diseases, which affect the brain and peripheral tissues. The misfolding and aggreg...

Teljes leírás

Elmentve itt :
Bibliográfiai részletek
Szerző: Kasi Phanindra Babu
További közreműködők: Kotormán Márta (Témavezető)
Dokumentumtípus: Disszertáció
Megjelent: 2019-02-22
Kulcsszavak:Amyloid-like fibril, Inhibitory effect, Natural polyphenols, Organic solvent, Panax ginseng,Coffee,Grapefruit seed extract, Trypsin.
Tárgyszavak:
doi:10.14232/phd.10053

mtmt:30804130
Online Access:http://doktori.ek.szte.hu/10053
LEADER 02901nta a2200229 i 4500
001 dokt10053
005 20200706105110.0
008 190109s2019 hu om 0|| eng d
024 7 |a 10.14232/phd.10053  |2 doi 
024 7 |a 30804130  |2 mtmt 
040 |a SZTE Doktori Repozitórium  |b hun 
041 |a eng 
100 1 |a Kasi Phanindra Babu 
245 1 4 |a The Anti-amyloidogenic effect of natural product extracts on amyloid-like fibril formation of trypsin in aqueous organic solvents  |h [elektronikus dokumentum] /  |c  Kasi Phanindra Babu 
260 |c 2019-02-22 
502 |a Disszertacio 
520 3 |a The formation of amyloid fibrils has been associated with several human diseases. The appearance of amyloid aggregation is an indicator of different central nervous system neurological disorders and neurodevelopmental diseases, which affect the brain and peripheral tissues. The misfolding and aggregation of proteins cause a large number of different neurodegenerative diseases. Amyloid is a generic structural form of the polypeptide chain and most proteins can form amyloid-like fibrils under proper conditions. Natural product extracts contain important bioactive compounds without undesirable side effects, which are necessary for the prevention and cure of various diseases. 52 phenolic compounds were identified in culinary herbs and spices. The aromatic rings of polyphenols may competitively interact with aromatic residues in amyloidogenic proteins, prevent the π-π interaction and block the self-assembly process. The phenolic hydroxyls of polyphenols may inhibit amyloid fibril formation via binding the hydrophobic residues in amyloidogenic proteins. Here we report the inhibitory effect of some natural product extracts on the formation of amyloid fibrils using trypsin as a model protein in aqueous ethanol. Inhibition of aggregation and fibrillation of trypsin was determined based on turbidity measurement, aggregation kinetics assay, amyloid specific dye Congo red (CR), fouriertransformed infrared (FTIR) spectroscopy, electronic circular dicroism (ECD) and transmission electron microscopy (TEM). The experiments revealed that great anti-fibrillation activity was exerted by chili extract, P. ginseng extract, grapefruit seed extract, peppermint extract, Eduscho coffee extract, and Egri bikavér red wine. It was found that the amount of fibril formation was greatly reduced with increasing concentration of extracts and the inhibitory effect is dose-dependent. 
650 4 |a biológiai tudományok 
695 |a Amyloid-like fibril, Inhibitory effect, Natural polyphenols, Organic solvent, Panax ginseng,Coffee,Grapefruit seed extract, Trypsin. 
700 1 |a Kotormán Márta  |e ths 
856 4 0 |u https://doktori.bibl.u-szeged.hu/id/eprint/10053/1/Thesis.pdf  |z Dokumentum-elérés  
856 4 0 |u https://doktori.bibl.u-szeged.hu/id/eprint/10053/2/Phani%20babu%20Booklet.pdf  |z Dokumentum-elérés